000 00895nam a22002897a 4500
001 BR8501591
003 BR-BrBNA
005 20230928092122.0
007 ta
008 230509b bl.||||| |||| 00| 0 por d
040 _aBR-BrBNA
_bpor
_cBiblioteca Nacional de Agricultura
041 _a(Por)
072 _aE10; E30
_b/G514
090 _ E10 BR8501591
110 1 _aFundacao Centro Estadual de Planejamento Agricola, Salvador, BA (Brasil)
_94810
245 1 _aPlano municipal de agricultura. Monte Santo [Bahia, Brasil]
_bVersao preliminar
260 3 _aSalvador, BA (Brasil):
_c1985.
300 _a72 p.
500 _a11 tables; 19 ref.; 4 Maps, scale 1:2500,000
650 _aPLANEJAMENTO AGRICOLA
650 _aPOLITICA AGRICOLA
650 _aDESENVOLVIMENTO ECONOMICO
650 _aESTRUTURA SOCIAL
650 _aBAHIA
909 _a202309
_bLucia
_c55
_dLucia Elande
942 _cBK
999 _c37226
_d37226